Reshaping ecumenical theology (Record no. 144229)
[ view plain ]
| 000 -LEADER | |
|---|---|
| fixed length control field | 01710nam a2200361 a 4500 |
| 082 04 - DEWEY DECIMAL CLASSIFICATION NUMBER | |
| Classification number | 262.001/1 |
| 100 1# - MAIN ENTRY--AUTHOR NAME | |
| Personal name | Avis, Paul D. L. |
| 245 10 - TITLE STATEMENT | |
| Title | Reshaping ecumenical theology |
| 260 ## - PUBLICATION, DISTRIBUTION, ETC. (IMPRINT) | |
| Place of publication | London ; |
| -- | New York : |
| Name of publisher | T&T Clark, |
| Year of publication | c2010. |
| 300 ## - PHYSICAL DESCRIPTION | |
| Number of Pages | x, 209 p. |
| 505 0# - FORMATTED CONTENTS NOTE | |
| Formatted contents note | The church: unity and multiplicity -- Rethinking ecumenical theology -- New paths in ecumenical theology -- The hermeneutics of unity -- Towards a deeper reception of 'reception' -- Confessionalism or a confessing church? -- Episcopacy: focus of unity or cause of division? -- Building and breaking communion -- Ethics and communion: the new frontier in ecumenism -- Forging communion in the face of difference. |
| 650 #0 - SUBJECT ADDED ENTRY--TOPICAL TERM | |
| Topical Term | Theology |
| Topical Term | Church |
| Topical Term | Ecumenical movement. |
| 856 40 - ELECTRONIC LOCATION AND ACCESS | |
| Uniform Resource Identifier | http://site.ebrary.com/lib/rucke/Doc?id=10427503 |
No items available.
